Los códigos de comercio latinoamericanos con una introducción de derecho comparado externo
Gorde:
| Egile nagusia: | |
|---|---|
| Formatua: | Liburua |
| Hizkuntza: | gaztelania |
| Argitaratua: |
Santiago
Jurídica de Chile
1961
|
| Gaiak: | |
| Etiketak: |
Etiketa erantsi
Etiketarik gabe, Izan zaitez lehena erregistro honi etiketa jartzen!
|
MARC
| LEADER | 00000nam a2200000 a 4500 | ||
|---|---|---|---|
| 001 | UCT8838 | ||
| 003 | CL-VaPUC | ||
| 008 | 970326e19610000CL |||||||||||||||||spa|d | ||
| 082 | 0 | 4 | |a 348.8 |b OLA |2 21 |
| 100 | |a Olavarría Avila, Julio |e autor |9 768686 | ||
| 245 | 1 | 4 | |a Los códigos de comercio latinoamericanos con una introducción de derecho comparado externo |
| 300 | |a 473 p | ||
| 942 | |c BK | ||
| 945 | |d 19970326 00:00:00 |a paguirre | ||
| 260 | |a Santiago |b Jurídica de Chile |c 1961 | ||
| 650 | 0 | |a Códigos |9 352314 | |
| 650 | 0 | |a Derecho comercial |9 256340 | |
| 650 | 0 | |a Derecho comparado |9 255664 | |
| 650 | 7 | |a LEGISLACION |2 CL-VaPUC |9 380958 | |
| 651 | 0 | |a América Latina |9 255027 | |
| 651 | 0 | |a España |9 254926 | |
| 583 | |a last modification |c 19970326 00:00:00 |k Rodrigo Vera | ||
| 999 | |c 257311 |d 257309 | ||
| 952 | |0 0 |1 0 |2 ddc |4 0 |5 1 |6 348_800000000000000_OLA_1961 |7 1 |8 C_LRYV |9 280687 |a FDOBRV |b BIBDER |d 2019-11-19 |i 1818384 |o 348.8 OLA 1961 |p 1818384 |r 2023-01-25 |w 2019-11-19 |y BK_X |k BRV | ||
| 952 | |0 0 |1 0 |4 0 |6 348_800000000000000_OLA_1961 |7 0 |8 A |9 280688 |a BIBDER |b BIBDER |d 2019-11-19 |i 1846922 |l 1 |o 348.8 OLA 1961 |p 1846922 |r 2024-10-02 |s 2024-09-30 |w 2019-11-19 |y BK |k DER | ||